EUROPEAN RUBBER JOURNAL (Record no. 16640)

MARC details
000 -LEADER
fixed length control field 00468nam a2200157Ia 4500
022 ## - INTERNATIONAL STANDARD SERIAL NUMBER
ISSN 0260-5317
245 #0 - TITLE STATEMENT
Title EUROPEAN RUBBER JOURNAL
247 ## - FORMER TITLE
Title Rubber Journal
260 ## - PUBLICATION, DISTRIBUTION, ETC. (IMPRINT)
Name of publisher Crain Communications
Place of publication London
310 ## - CURRENT PUBLICATION FREQUENCY
Current publication frequency 10
500 ## - GENERAL NOTE
General note Ending Volume & Year: 182, 2000
500 ## - GENERAL NOTE
General note Missing Volume: 143;170(4,8);178(12);179;180(2,5,7,8,12);182(1-3)
500 ## - GENERAL NOTE
General note Starting Volume & Year: 156, 1974
942 ## - ADDED ENTRY ELEMENTS (KOHA)
Koha item type Bound Journal
Holdings
Withdrawn status Lost status Damaged status Not for loan Home library Current library Date acquired Accession Number Koha item type
      Bound journals RRII Library RRII Library 31/12/2021 16399J Bound Journal